Compendium of school laws in the Philippines, volume 2 : (Record no. 4181)

MARC details
000 -LEADER
fixed length control field 00757nam a22001817a 4500
003 - CONTROL NUMBER IDENTIFIER
control field OSt
005 - DATE AND TIME OF LATEST TRANSACTION
control field 20250822044850.0
008 - FIXED-LENGTH DATA ELEMENTS--GENERAL INFORMATION
fixed length control field 250822b |||||||| |||| 00| 0 eng d
040 ## - CATALOGING SOURCE
Original cataloging agency DWC-Main Lib.
Transcribing agency OC
100 ## - MAIN ENTRY--PERSONAL NAME
Personal name SARMIENTO, ULPIANO "ULAN" P. III
245 ## - TITLE STATEMENT
Title Compendium of school laws in the Philippines, volume 2 :
Remainder of title the revised manual of regulations for private schools in basic education/
Statement of responsibility, etc. SARMIENTO, ULPIANO "ULAN" P. III
260 ## - PUBLICATION, DISTRIBUTION, ETC.
Place of publication, distribution, etc. [Place of publication not identified] :
Name of publisher, distributor, etc. [Publisher not identified],
Date of publication, distribution, etc. c2015.
300 ## - PHYSICAL DESCRIPTION
Extent vii, 1120 pages ;
Dimensions 28 cm.
504 ## - BIBLIOGRAPHY, ETC. NOTE
Bibliography, etc. note Includes index.
650 ## - SUBJECT ADDED ENTRY--TOPICAL TERM
Topical term or geographic name entry element Educational law and legislation--Philippines.
650 ## - SUBJECT ADDED ENTRY--TOPICAL TERM
Topical term or geographic name entry element Educational law--Basic education--Philippines.
942 ## - ADDED ENTRY ELEMENTS (KOHA)
Source of classification or shelving scheme Dewey Decimal Classification
Koha item type Book- Reserved
Classification part Res.
Suppress in OPAC No
952 ## - LOCATION AND ITEM INFORMATION (KOHA)
--
Holdings
Withdrawn status Lost status Source of classification or shelving scheme Damaged status Not for loan Home library Current library Shelving location Date acquired Source of acquisition Total Checkouts Full call number Barcode Date last seen Copy number Price effective from Koha item type Uniform Resource Identifier
    Dewey Decimal Classification     College Library College Library Reserved 09/24/2015 School Fund   Res. 344.0749 S246c 2015 CL51133 08/22/2025 c1 08/22/2025 BK-0 CIRC